Primeros juegos florales de la universidad peruana / (Registro nro. 51789)

Detalles MARC
000 -LEADER
campo de control de longitud fija 03680cam a22005414i 4500
003 - IDENTIFICADOR DE NÚMERO DE CONTROL
campo de control PE-LiUPU
005 - FECHA Y HORA DE LA ÚLTIMA TRANSACCIÓN
campo de control 20250731184114.0
008 - DATOS DE LONGITUD FIJA--INFORMACIÓN GENERAL
campo de control de longitud fija 150706s2009 pe a r 000 0 d
020 ## - NÚMERO INTERNACIONAL ESTÁNDAR DEL LIBRO
Número Internacional Estándar del Libro 9786124011143
035 ## - NÚMERO DE CONTROL DEL SISTEMA
Número de control de sistema (Sirsi) i9786124011143
040 ## - FUENTE DE CATALOGACIÓN
Centro catalogador/agencia de origen PE-LiUPU
Lengua de catalogación spa
Centro/agencia transcriptor PE-LiUPU
Normas de descripción rda
049 ## - FONDOS LOCALES (OCLC)
Biblioteca depositaria PRUA
082 04 - NÚMERO DE LA CLASIFICACIÓN DECIMAL DEWEY
Número de clasificación 869.56079
Cutter ANR
Número de edición 21
082 04 - NÚMERO DE LA CLASIFICACIÓN DECIMAL DEWEY
Número de clasificación 869.560
Cutter M22 2009
110 2# - ENTRADA PRINCIPAL--NOMBRE DE ENTIDAD CORPORATIVA
Nombre de entidad corporativa o nombre de jurisdicción como elemento de entrada Asamblea Nacional de Rectores
245 10 - MENCIÓN DEL TÍTULO
Título Primeros juegos florales de la universidad peruana /
Mención de responsabilidad, etc. María Mandujano Ramos.
264 #1 - PRODUCCIÓN, PUBLICACIÓN, DISTRIBUCIÓN, FABRICACIÓN Y COPYRIGHT
Producción, publicación, distribución, fabricación y copyright Lima :
Nombre del de productor, editor, distribuidor, fabricante Gráfica Carrald,
Fecha de producción, publicación, distribución, fabricación o copyright [2009].
300 ## - DESCRIPCIÓN FÍSICA
Extensión 374 páginas ;
Dimensiones 24 centímetros
336 ## - TIPO DE CONTENIDO
Término de tipo de contenido text
Fuente rdacontent
337 ## - TIPO DE MEDIO
Nombre/término del tipo de medio unmediated
Fuente rdamedia
338 ## - TIPO DE SOPORTE
Nombre/término del tipo de soporte volume
Fuente rdacarrier
505 0# - NOTA DE CONTENIDO CON FORMATO
Nota de contenido con formato Poesía -- Danza finita de puntos sucesivos -- Poemario de Lucybell -- Celestización de septuagenario -- Poemas perdidos turtupilin -- Gara/batos y otras líneas -- Soundtrack -- Los mecanismos de la soledad -- Tsantsa de Uwak -- Cuento -- Entrelíneas de un desierto -- El huayco que te ha de llevar -- Yo también la quería -- El chico sólo quiere un arma -- Luz sumergida en el agua -- El hombre sin ombligo -- Ensayo -- El problema de la cultura organizacional anómica de la universidad peruana y su repercusión negativa en el desarrollo del país -- La universidad peruana y el desarrollo nacional: conflictos y posibilidades -- La universidad peruana en el siglo XXI: entre el relativismo multicultural y el universalismo precario de la globalización -- Universidad peruana: modernidad y tradición. La imposición de la memoria -- Los peruanos somos desmañados en el uso del lenguaje.
526 ## - NOTA DE INFORMACIÓN SOBRE EL PROGRAMA DE ESTUDIO
Nombre del programa Comunicación Y Periodismo
526 ## - NOTA DE INFORMACIÓN SOBRE EL PROGRAMA DE ESTUDIO
Nombre del programa Educación, Especialidad Inglés Y Español (A Distancia)
526 ## - NOTA DE INFORMACIÓN SOBRE EL PROGRAMA DE ESTUDIO
Nombre del programa Educación, Especialidad Inglés Y Español
526 ## - NOTA DE INFORMACIÓN SOBRE EL PROGRAMA DE ESTUDIO
Nombre del programa Educación secundaria, especialidad lingüística e inglés
526 ## - NOTA DE INFORMACIÓN SOBRE EL PROGRAMA DE ESTUDIO
Nombre del programa Ciencias de la comunicación
596 ## -
-- 1 3
650 04 - PUNTO DE ACCESO ADICIONAL DE MATERIA--TÉRMINO DE MATERIA
Término de materia o nombre geográfico como elemento de entrada Cuentos peruanos
Subdivisión cronológica SigloXXI
Subdivisión de forma Colecciones.
650 04 - PUNTO DE ACCESO ADICIONAL DE MATERIA--TÉRMINO DE MATERIA
Término de materia o nombre geográfico como elemento de entrada Juegos Florales.
650 04 - PUNTO DE ACCESO ADICIONAL DE MATERIA--TÉRMINO DE MATERIA
Término de materia o nombre geográfico como elemento de entrada Poesias peruanas
Subdivisión cronológica SigloXXI
Subdivisión de forma Colecciones.
700 1# - ENTRADA AGREGADA--NOMBRE PERSONAL
Nombre de persona Mandujano Ramos, María,
Término indicativo de función/relación ed.
910 ## - DATOS DE OPCIÓN DEL USUARIO (OCLC)
-- jck
-- 20110404
910 ## - DATOS DE OPCIÓN DEL USUARIO (OCLC)
-- qv
-- 20171011
942 ## - ELEMENTOS DE ENTRADA SECUNDARIOS (KOHA)
Fuente del sistema de clasificación o colocación Clasificación Decimal Dewey
Tipo de ítem Koha
949 ## - PROCESAMIENTO DE INFORMACIÓN LOCAL (OCLC)
a 869.56079 ANR
w DEWEY
c 1
i 62697
l CCODEBUL1
m BUL
p 15.00
r 0
s Y
t BOOK
u 2015-7-6
x EDUCACION
z UNKNOWN
0 COMPRA
o .STAFF. Colección General
949 ## - PROCESAMIENTO DE INFORMACIÓN LOCAL (OCLC)
a 869.56079 ANR
w DEWEY
c 2
i 62696
l CCODEBUL1
m BUL
p 15.00
r 0
s Y
t BOOK
u 2015-7-6
x EDUCACION
z UNKNOWN
0 COMPRA
o .STAFF. Colección General
949 ## - PROCESAMIENTO DE INFORMACIÓN LOCAL (OCLC)
a 869.560 M22 2009
w DEWEY
c 1
i FJ08914
l CCODEBUJ1
m BUJ
p 15.00
r 0
s Y
t BOOK
u 2017-10-11
x EDUCACIÓN
-- P14
0 COMPRA
o .STAFF. Colección General Juliaca
949 ## - PROCESAMIENTO DE INFORMACIÓN LOCAL (OCLC)
a 869.560 M22 2009
w DEWEY
c 2
i FJ08915
l CCODEBUJ1
m BUJ
p 15.00
r 0
s Y
t BOOK
u 2017-10-11
x EDUCACIÓN
-- P14
0 COMPRA
o .STAFF. Colección General Juliaca
994 ## -
-- C0
-- PEPRU
999 ## - NÚMEROS DE CONTROL DE SISTEMA (KOHA)
-- DEWEY
-- 62697
-- 2021-11-9
-- 5
-- CCODEBUL1
-- BUL
-- 15.00
-- 0
-- Y
-- BOOK
-- 2015-7-6
-- EDUCACION
-- UNKNOWN
-- COMPRA
-- .STAFF. Colección General
999 ## - NÚMEROS DE CONTROL DE SISTEMA (KOHA)
-- DEWEY
-- 62696
-- 2021-11-9
-- 5
-- CCODEBUL1
-- BUL
-- 15.00
-- 0
-- Y
-- BOOK
-- 2015-7-6
-- EDUCACION
-- UNKNOWN
-- COMPRA
-- .STAFF. Colección General
999 ## - NÚMEROS DE CONTROL DE SISTEMA (KOHA)
-- DEWEY
-- FJ08914
-- 2022-2-2
-- 2
-- CCODEBUJ1
-- BUJ
-- 15.00
-- 0
-- Y
-- BOOK
-- 2017-10-11
-- EDUCACION
-- P14
-- COMPRA
-- .STAFF. Colección General Juliaca
999 ## - NÚMEROS DE CONTROL DE SISTEMA (KOHA)
-- DEWEY
-- FJ08915
-- 2022-2-2
-- 2
-- CCODEBUJ1
-- BUJ
-- 15.00
-- 0
-- Y
-- BOOK
-- 2017-10-11
-- EDUCACION
-- P14
-- COMPRA
-- .STAFF. Colección General Juliaca
980 ## - EQUIVALENCIA O REFERENCIA-CRUZADA-MENCIÓN DE SERIE--NOMBRE DE PERSONA/TÍTULO [LOCAL, CANADÁ]
ID del último usuario que modificó el registro 1
Nombre del último usuario que modificó el registro ALBERTO SANCHEZ Responsable de Automatización
Existencias
Visto por última vez Número de inventario Total de préstamos Signatura topográfica completa Código de barras Copia número Coste, precio de reemplazo Fecha de reemplazo Facultad Tipo de ítem Koha Nota pública Estado de pérdida Fuente del sistema de clasificación o colocación Restricciones de uso No para préstamo Colección Programa académico Biblioteca de origen Biblioteca actual Ubicación en estantería Fecha de adquisición Fuente de adquisición Coste, precio normal de compra
2025-12-03 6   869.56079 ANR 62697 e1 20.00 2015-07-06 FACIHED Libros físicos inventario-2023-12-13 No Perdido Clasificación Decimal Dewey No restringido Disponible para préstamos Colección General Educación secundaria, especialidad lingüística e inglés Biblioteca CRAI UPeU Lima Biblioteca CRAI UPeU Lima Sala principal 2015-07-06 COMPRA 15.00
2025-12-03 6   869.56079 ANR 62696 e2 20.00 2015-07-06 FACIHED Libros físicos inventario-2023-12-13 No Perdido Clasificación Decimal Dewey No restringido Disponible para préstamos Colección General Educación secundaria, especialidad lingüística e inglés Biblioteca CRAI UPeU Lima Biblioteca CRAI UPeU Lima Sala principal 2015-07-06 COMPRA 15.00